The effects of plant extracts in feeding diet under different temperature on the physiological parameter and stress tolerance in striped catfish (Pangasianodon hypophthalmus) : Master thesis in aquaculture

To evaluate the effectiveness of plant extracts Psidium guajava and Phyllanthus amarus in feeding diet on physiological and stress parameters of striped catfish (Pangasianodon hypophthalmus) under different temperature, thereby contributing basic information for farming this species..

Tallennettuna:
Bibliografiset tiedot
Päätekijä: Tran, Thi Phuong Hang
Aineistotyyppi: Kirja
Kieli:Undetermined
Julkaistu: Cần Thơ Trường Đại học Cần Thơ 2019
Aiheet:
Tagit: Lisää tagi
Ei tageja, Lisää ensimmäinen tagi!
Thư viện lưu trữ: Trung tâm Học liệu Trường Đại học Cần Thơ
LEADER 01089nam a2200217Ia 4500
001 CTU_231564
008 210402s9999 xx 000 0 und d
082 |a 639.31 
082 |b H116 
088 |a 8620301 
100 |a Tran, Thi Phuong Hang 
245 4 |a The effects of plant extracts in feeding diet under different temperature on the physiological parameter and stress tolerance in striped catfish (Pangasianodon hypophthalmus) : 
245 0 |b Master thesis in aquaculture 
245 0 |c Tran Thi Phuong Hang ; Đo Thi Thanh Huong (Supervisor) 
260 |a Cần Thơ 
260 |b Trường Đại học Cần Thơ 
260 |c 2019 
520 |a To evaluate the effectiveness of plant extracts Psidium guajava and Phyllanthus amarus in feeding diet on physiological and stress parameters of striped catfish (Pangasianodon hypophthalmus) under different temperature, thereby contributing basic information for farming this species.. 
650 |a Freshwater fishes,Cá nước ngọt 
910 |b nthai 
980 |a Trung tâm Học liệu Trường Đại học Cần Thơ